000 00720cab a2200253 4500
001 ABS58388
008 090401t1998 xxu||||| |||| 00| 0 eng d
035 _a(Sirsi) u85282
041 _aeng
100 _aChild, T.
245 _aConcerning contracts
260 _c1998
350 _a0
490 _aLGC Law and Administration
_v(12) 20 March 1998, 8-9(2)
520 _aOffers advice on the impact of the Local Government (Contracts) Act 1997.
650 _aCERTIFIED CONTRACTS
650 _aLOCAL AUTHORITIES
650 _aLOCAL GOVERNMENT (CONTRACTS) ACT 1997
650 _aPFI
690 _aBUILT ENVIRONMENT-BUILDING CONTRACT FORMS
700 _aLibovitch, J.
942 _n0
948 _c27/03/1998
999 _c53619
_d53619